solar-terrestrial physics (Record no. 3512)
[ view plain ]
| 000 -LEADER | |
|---|---|
| fixed length control field | 00754nam a2200181Ia 4500 |
| 003 - CONTROL NUMBER IDENTIFIER | |
| control field | IN-BaIIA |
| 008 - FIXED-LENGTH DATA ELEMENTS--GENERAL INFORMATION | |
| fixed length control field | 211028s9999 xx 000 0 eng d |
| 040 ## - CATALOGING SOURCE | |
| Transcribing agency | IIA Library |
| 080 ## - UNIVERSAL DECIMAL CLASSIFICATION NUMBER | |
| Universal Decimal Classification number | 523.9(082.2) |
| Item number | IAU |
| 111 ## - MAIN ENTRY--MEETING NAME | |
| Meeting name or jurisdiction name as entry element | Symposium on solar-terrestrial physics |
| Location of meeting | Russia |
| Date of meeting or treaty signing | 1970 May 12-19 |
| 9 (RLIN) | 6217 |
| 245 #0 - TITLE STATEMENT | |
| Title | solar-terrestrial physics |
| Remainder of title | proceedings of the International Symposium on Solar-Terrestrial Physics held in Leningrad, U.S.S.R. 12-19 May 1970 |
| Statement of responsibility, etc. | edited by E. R. Dyer |
| 260 ## - PUBLICATION, DISTRIBUTION, ETC. | |
| Place of publication, distribution, etc. | USSR |
| Name of publisher, distributor, etc. | The Secretariat of the Inter-Union Commission on Solar |
| Date of publication, distribution, etc. | 1970 |
| 650 ## - SUBJECT ADDED ENTRY--TOPICAL TERM | |
| Topical term or geographic name entry element | Astronomy and astrophysics thesaurus |
| 650 ## - SUBJECT ADDED ENTRY--TOPICAL TERM | |
| Topical term or geographic name entry element | Solar terrestrial physics |
| 9 (RLIN) | 5220 |
| 700 ## - ADDED ENTRY--PERSONAL NAME | |
| Personal name | Dyer, E. R., ed. |
| 9 (RLIN) | 6218 |
| 710 ## - ADDED ENTRY--CORPORATE NAME | |
| Corporate name or jurisdiction name as entry element | International Astronomical Union |
| 942 ## - ADDED ENTRY ELEMENTS (KOHA) | |
| Koha item type | Books |
| Withdrawn status | Lost status | Damaged status | Not for loan | Home library | Current library | Shelving location | Date acquired | Total Checkouts | Full call number | Barcode | Date last seen | Price effective from | Koha item type | Purchase Price |
|---|---|---|---|---|---|---|---|---|---|---|---|---|---|---|
| IIA Library-Bangalore | IIA Library-Bangalore | General Stacks | 01/07/1970 | 523.9(082.2)/ IAU | 3911 | 05/11/2021 | 01/07/1970 | Books | Free |